LEADER 01215nam a2200265 4500 001 000000366212 003 CaOOAMICUS 005 20260205170956.0 008 260202s1973 it 000 u ita r 040 $aSeMil$bita 100 1 $aNeumann, Franz,$d<1889-1954>.$0(OLS)http://semarc/name/123679 240 14$aThe Democratic and the Authoritarian.$0(OLS)http://semarc/title/457937 245 13$aLo Stato democratico e lo Stato autoritario /$cFranz Neumann. 264 1$aBologna :$bIl Mulino,$c1973. 300 $aXX, 374 p. ;$c22 cm 490 1 $aCollezione di testi e di studi. Scienze sociali e politiche 650 4$aDemocrazia - Teorie.$0(OLS)http://semarc/subject/14018 650 4$aStato - Teorie.$0(OLS)http://semarc/subject/13990 830 0$aCollezione di testi e di studi. Scienze sociali e politiche.$0(OLS)http://semarc/title/457939 850 $aSeMil 852 $aSeMil$W1$xVenegono$y1$m3N III 686$j267049$B256978$CSeMilBibl$Z2$F256978 $81 961 $aBuzzi mons. Franco - Omaggio 996 $6245$aLo Stato democratico e lo Stato autoritario$9(OLS)http://semarc/title/457938 996 $6264$aBologna :$bIl Mulino$9(OLS)http://semarc/publisher/29842 LEADER 01402nam a2200277 i 4500 001 000000139071 003 CaOOAMICUS 005 20240924143531.0 008 050517s1954 it u000 u mul u 040 $aSeMil$bita 110 2 $aFondazione Centro italiano di studi sull'Alto Medioevo .$0(OLS)http://semarc/name/199 245 12$aI problemi della Civiltà Carolingia /$cCentro Italiano di Studi sull'Alto Medioevo, Spoleto. 250 $aRistampa Anastatica. 264 1$aSpoleto :$bPresso la Sede del Centro,$c1954. 300 $a390 p., [5] p. di tav. :$bill. ;$c22 cm. 490 1 $a[Atti delle] Settimane di Studio del Centro italiano di studi sull'Alto Medioevo ;$v1. 500 $aIn mezzo al front.: 26 marzo - 1 aprile 1953 650 4$aCarolingi .$0(OLS)http://semarc/subject/56360 650 4$aCiviltà carolingia.$0(OLS)http://semarc/subject/53747 650 4$aFeudalesimo.$0(OLS)http://semarc/subject/1292 830 0$aAtti delle settimane di studio / Centro italiano di studi sull'alto Medioevo ;$v1.$0(OLS)http://semarc/title/305 850 $aSeMil 852 $aSeMil$W1$xVenegono$y1$m3TA B 1$j250950$B92510$CSeMilBibl$Z2$F97711 $81 996 $6245$aI problemi della Civiltà Carolingia$9(OLS)http://semarc/title/203250 996 $6264$aSpoleto :$bPresso la Sede del Centro$9(OLS)http://semarc/publisher/29731